Analysis of Low Speed Unsteady Airfoil Flows (Record no. 564561)

000 -LEADER
fixed length control field 00384nam a2200133Ia 4500
008 - FIXED-LENGTH DATA ELEMENTS--GENERAL INFORMATION
fixed length control field 210430s9999 xx 000 0 und d
020 ## - INTERNATIONAL STANDARD BOOK NUMBER
International Standard Book Number 3-540-22932-9
082 ## - DEWEY DECIMAL CLASSIFICATION NUMBER
Classification number 629.1343 C 3874 A
100 ## - MAIN ENTRY--PERSONAL NAME
Personal name T.Cebeci M.Platzer
9 (RLIN) 54099
245 ## - TITLE STATEMENT
Title Analysis of Low Speed Unsteady Airfoil Flows
Statement of responsibility, etc. T.Cebeci M.Platzer
260 ## - PUBLICATION, DISTRIBUTION, ETC.
Place of publication, distribution, etc. New york
Name of publisher, distributor, etc. Springer
Date of publication, distribution, etc. 2005
300 ## - PHYSICAL DESCRIPTION
Extent 226 p
942 ## - ADDED ENTRY ELEMENTS (KOHA)
Koha item type Book
Source of classification or shelving scheme
Holdings
Withdrawn status Lost status Damaged status Not for loan Collection code Permanent Location Current Location Shelving location Date acquired Total Checkouts Full call number Barcode Date last seen Price effective from Koha item type
          School of Chemical & Materials Engineering (SCME) School of Chemical & Materials Engineering (SCME) General Stacks 12/14/2   629.1343 C 3874 A SCME-3779 04/30/2021 04/30/2021 Book
© 2023 Central Library, National University of Sciences and Technology. All Rights Reserved.